00450nam a2200145Ia 4500008004100000020001800041041000800059082001800067100001800085245012100103250000600224260003300230300001100263650003000274210716s2008 xx 000 0 und d a9788174466730 aeng a658.3125 DEBT aDeb, Tapomoy. aPerformance appraisal and management: concepts antecedents and implications.bConcepts antecedents and implications. a1 aNew DelhibExcel Booksc2008 aIX,395 aHuman Resource Management